|
|
|
|
| LEADER |
00000nam0a2200000 4500 |
| 001 |
287523 |
| 005 |
20231102000010.0 |
| 035 |
|
|
|a (RuTPU)RU\TPU\book\311927
|
| 090 |
|
|
|a 287523
|
| 100 |
|
|
|a 20150317d1984 km y0rusy5003 ca
|
| 101 |
1 |
|
|a rus
|c eng
|
| 102 |
|
|
|a RU
|
| 105 |
|
|
|a a z 001zy
|
| 200 |
1 |
|
|a Ограниченные аналитические функции
|e пер. с англ.
|f Дж. Гарнетт
|
| 210 |
|
|
|a Москва
|c Мир
|d 1984
|
| 215 |
|
|
|a 469 с.
|c ил.
|
| 320 |
|
|
|a Библиогр.: с. 440-459
|
| 320 |
|
|
|a Имен. указ.: с. 460-463
|
| 320 |
|
|
|a Предм. указ.: с. 464-466
|
| 606 |
1 |
|
|a Комплексный анализ
|2 stltpush
|3 (RuTPU)RU\TPU\subj\15024
|9 41323
|
| 610 |
1 |
|
|a математика
|
| 610 |
1 |
|
|a ограниченные аналитические функции
|
| 610 |
1 |
|
|a пространства
|
| 610 |
1 |
|
|a сопряженные функции
|
| 610 |
1 |
|
|a экстремальные задачи
|
| 610 |
1 |
|
|a алгебра
|
| 610 |
1 |
|
|a осцилляция
|
| 610 |
1 |
|
|a алгебра Дугласа
|
| 610 |
1 |
|
|a интерполяционные последовательности
|
| 675 |
|
|
|a 517.53
|v 3
|
| 700 |
|
1 |
|a Гарнетт
|b Дж.
|
| 801 |
|
0 |
|a RU
|b RuMRKP
|c 19950704
|g psbo
|
| 801 |
|
1 |
|a RU
|b 63413507
|c 20150317
|
| 801 |
|
2 |
|a RU
|b 63413507
|c 20180124
|g RCR
|
| 942 |
|
|
|c BK
|